000
00412nam a2200133Ia 4500
008
151001s9999||||xx |||||||||||||| ||und||
100
_a
मीनाक्षी केतकर
245
_a
प्राण्यांच्या मजेदार कथा
250
_a
1
260
_b
"परी प्रकाशन,कोल्हापूर "
260
_c
2013
300
_a
108
365
_b
0
999
_c
1000344
_d
1000341